Statistieken voor Provincies van Nederland

Klik hier om de quiz te nemen!

Algemene statistieken

  • Deze quiz is 49 keer genomen
  • De gemiddelde score is 10 van 12

Antwoorden op de kaart

Antwoorden kleurgecodeerd door een groen-rode schaal op de quizkaart volgens % correct hieronder.
 

Antwoordstatistieken

HoofdstadProvincie% Correct
MaastrichtLimburg
100%
Den HaagZuid-Holland
97%
HaarlemNoord-Holland
94%
UtrechtUtrecht
94%
MiddelburgZeeland
94%
LeeuwardenFriesland
91%
GroningenGroningen
91%
Den BoschNoord-Brabant
89%
LelystadFlevoland
80%
AssenDrenthe
66%
ZwolleOverijssel
66%
ArnhemGelderland
63%

Scoreverdeling

Percentiel versus Aantal Correcte Antwoorden

Procent van Mensen met Elke Score

Uw Scoregeschiedenis

U heeft deze quiz nog niet genomen